100 Biggest Soviet Cities in 1989 with a Map - Statistics

General Stats
  • This quiz has been taken 29,970 times
  • The average score is 39 of 100
Answers on the Map
Answers color-coded by a green-red scale on the quiz's map according to % correct below.
 
Answer Stats
Republic Population City % Correct
Russia 8,967,232 Moscow
99%
Russia 5,023,506 Leningrad
97%
Ukraine 2,587,945 Kiev
94%
Belarus 1,612,472 Minsk
88%
Latvia 910,445 Riga
86%
Azerbaijan 1,150,055 Baku
83%
Estonia 478,974 Tallinn
83%
Georgia 1,243,150 Tbilisi
79%
Lithuania 576,747 Vilnius
79%
Ukraine 1,115,371 Odesa
78%
Russia 633,838 Vladivostok
76%
Armenia 1,201,539 Yerevan
75%
Uzbekistan 2,072,459 Tashkent
74%
Ukraine 1,609,959 Kharkiv
69%
Ukraine 790,908 Lviv
69%
Ukraine 1,109,102 Donetsk
68%
Russia 450,941 Kalinin
68%
Russia 401,280 Kaliningrad
68%
Russia 998,894 Volgograd
67%
Kazakhstan 1,127,884 Alma Ata
64%
Kygyzstan 610,630 Frunze
64%
Ukraine 356,123 Sevastopol
64%
Russia 480,020 Murmansk
61%
Moldova 667,082 Chisinau
60%
Russia 1,019,305 Rostov-on-Don
60%
Turkmenistan 401,135 Ashgabat
59%
Tajikistan 595,820 Dushanbe
58%
Russia 1,438,133 Gorky
57%
Russia 1,364,621 Sverdlovsk
57%
Russia 1,436,516 Novosibirsk
56%
Russia 336,514 Sochi
56%
Russia 1,094,378 Kazan
54%
Ukraine 1,177,897 Dnipropetrovsk
52%
Russia 1,148,418 Omsk
52%
Ukraine 496,813 Luhansk
49%
Ukraine 518,933 Mariupol
46%
Russia 1,082,052 Ufa
46%
Russia 1,254,460 Kuybyshev
45%
Russia 1,090,944 Perm
45%
Russia 415,921 Arkhangelsk
44%
Russia 626,135 Irkutsk
44%
Lithuania 418,087 Kaunas
44%
Russia 1,141,777 Chelyabinsk
41%
Russia 620,516 Krasnodar
37%
Russia 399,688 Grozny
34%
Ukraine 355,379 Kherson
32%
Russia 912,629 Krasnoyarsk
32%
Russia 341,483 Smolensk
32%
Russia 509,210 Astrakhan
31%
Uzbekistan 367,031 Samarkand
31%
Russia 501,963 Tomsk
31%
Russia 424,239 Kursk
30%
Russia 904,643 Saratov
30%
Belarus 511,706 Gomel
29%
Ukraine 883,909 Zaporizhzhia
29%
Ukraine 343,565 Simferopol
27%
Russia 886,844 Voronezh
26%
Russia 600,623 Khabarovsk
25%
Russia 539,980 Tula
25%
Russia 349,702 Vladimir
25%
Russia 632,991 Yaroslavl
24%
Russia 546,501 Orenburg
23%
Russia 452,160 Bryansk
21%
Russia 514,638 Ryazan
21%
Russia 352,530 Ulan-Ude
21%
Ukraine 713,059 Kryvyi Rih
20%
Russia 317,475 Makhachkala
20%
Ukraine 502,776 Mykolaiv
20%
Russia 630,543 Tolyatti
20%
Russia 476,869 Tyumen
19%
Belarus 357,446 Vitebsk
19%
Russia 625,155 Ulyanovsk
18%
Russia 365,754 Chita
17%
Ukraine 314,740 Poltava
17%
Russia 318,298 Stavropol
17%
Russia 481,042 Ivanovo
15%
Kazakhstan 613,797 Karaganda
15%
Belarus 359,188 Mogilev
15%
Russia 542,612 Penza
15%
Russia 601,811 Barnaul
14%
Russia 635,109 Izhevsk
14%
Russia 440,240 Kirov
14%
Russia 449,635 Lipetsk
14%
Russia 440,321 Magnitogorsk
14%
Russia 336,862 Oryol
14%
Kazakhstan 392,977 Chimkent
13%
Russia 520,263 Kemerovo
13%
Russia 315,325 Komsomolsk-on-Amur
11%
Kazakhstan 330,748 Pavlodar
11%
Ukraine 374,304 Vinnytsia
11%
Russia 355,517 Kurgan
10%
Russia 599,947 Novokuznetsk
9%
Russia 312,128 Saransk
9%
Kazakhstan 334,402 Semipalatinsk
9%
Russia 419,592 Cheboksary
8%
Ukraine 338,106 Horlivka
8%
Russia 500,309 Naberezhnye Chelny
8%
Russia 439,521 Nizhny Tagil
7%
Kazakhstan 324,478 Oskemen
7%
Ukraine 430,201 Makiivka
6%
No matching quizzes found
Score Distribution
Percent of People with Each Score
Percentile by Number Answered
Your Score History
You have not taken this quiz